000 00716nam a2200253Ia 4500
003 OSt
005 20220918222513.0
006 a|||||r|||| 00| 0
007 ta
008 220917b |||||||| |||| 00| 0 eng d
024 _a217,155
037 _cTextual
040 _aARTS
_cARTS
_beng
041 _2eng
_aeng
082 _aV41.N76, P0
100 _aGoldman Merle Ed.
_9143364
245 0 _aParadox of China's post-mao reforms
260 _aLondon
_bHarvard Univ. Press
_c2000
300 _aviii, 454p
_ccm.
650 _aHISTORY
700 _a Macfarquhar Roderick Ed.
_918438
942 _hV41.N76, P0
_cTEXL
_2CC
999 _c275755
_d275755